000
00319nam a22001457a 4500
020
_a
81--84-21-76
082
_a
823
_b
PAI/K
100
_a
PAI, ANANT
245
_a
KABIR
260
_a
MUMBAI
_b
AMAR CHITHRA KATHA
300
_a
31
520
_a
ENGLISH SHORT STORY
650
_a
ENGLISH SHORT STORY
_z
MUMBAI
942
_c
BK
999
_c
5302
_d
5302